LEADER 01282nam 2200445 450 001 9910798359303321 005 20230808193218.0 010 $a84-16-66965-1 010 $a84-16669-65-1 035 $a(CKB)3710000000679578 035 $a(MiAaPQ)EBC4527650 035 $a(Au-PeEL)EBL4527650 035 $a(CaPaEBR)ebr11211917 035 $a(OCoLC)950466322 035 $a(EXLCZ)993710000000679578 100 $a20160708h20162016 uy 0 101 0 $aspa 135 $aurcnu|||||||| 181 $2rdacontent 182 $2rdamedia 183 $2rdacarrier 200 10$a118 consejos para viajar ma?s barato, ma?s comodo y ma?s seguro /$fCharles M. Wallace 210 1$aMadrid, [Spain] :$cMestas ediciones,$d2016. 210 4$dİ2016 215 $a1 online resource (71 pages) 225 0 $aColeccio?n Consejos 311 $a84-92892-39-0 606 $aTravel 606 $aTravel$xSafety measures 615 0$aTravel. 615 0$aTravel$xSafety measures. 676 $a910.202 700 $aWallace$b Charles M.$01480795 801 0$bMiAaPQ 801 1$bMiAaPQ 801 2$bMiAaPQ 906 $aBOOK 912 $a9910798359303321 996 $a118 consejos para viajar ma?s barato, ma?s comodo y ma?s seguro$93697557 997 $aUNINA LEADER 01876nam 2200409z- 450 001 9910346738803321 005 20210211 035 $a(CKB)4920000000094326 035 $a(oapen)https://directory.doabooks.org/handle/20.500.12854/44055 035 $a(oapen)doab44055 035 $a(EXLCZ)994920000000094326 100 $a20202102d2018 |y 0 101 0 $aeng 135 $aurmn|---annan 181 $ctxt$2rdacontent 182 $cc$2rdamedia 183 $acr$2rdacarrier 200 00$aCooperative Adaptations and Evolution in Plant-Microbe Systems 210 $cFrontiers Media SA$d2018 215 $a1 online resource (209 p.) 225 1 $aFrontiers Research Topics 311 08$a2-88945-599-8 330 $aEcological and evolutionary genetics of plant-microbe interactions is of high importance for developing the plant science since the plants originated symbiotically (via incorporation of a phototrophic cyanobacterium into a heterotrophic eukaryon) and further evolve as the multipartite symbiotic systems, harboring the enormously diverse microbial communities. The Research Topic has integrated the top-level research on the genetic interactions in the plant-microbial associations required to develop the novel evolutionary approaches in the molecular and ecological genetics of different kinds of symbioses. 606 $aBotany & plant sciences$2bicssc 610 $acoadaptation 610 $acoevolulion 610 $aecological genetics 610 $ahorizontal gene transfer 610 $aplant-microbe interaction 615 7$aBotany & plant sciences 700 $aTatiana Matveeva$4auth$01329312 702 $aNikolai Provorov$4auth 702 $aJari P.T. Valkonen$4auth 906 $aBOOK 912 $a9910346738803321 996 $aCooperative Adaptations and Evolution in Plant-Microbe Systems$93039413 997 $aUNINA